Statystyki dla Piłkarze z największą ilością goli-Portugalia

Kliknij tutaj aby rozwiązać quiz!

Ogólne statystyki

  • Ten quiz został rozwiązany 225 razy
  • Średni wynik to 4 z 10

Statystyki odpowiedzi

IlośćPiłkarz% Poprawnych
99Ronaldo
100%
41Eusebio
77%
32Figo
72%
24Nani
48%
47Pauleta
41%
26Rui Costa
27%
29Nuno Gomes
18%
27Helder Postiga
7%
23Joao Pinto
3%
22Tamagnini Nené
0%

Rozkład punktacji

Percentyl według liczby udzielonych odpowiedzi

Procent ludzi z każdym wynikiem

Twoja historia wyników

Nie rozwiązałeś tego quizu